| 000 | 01245nam a2200301 a 4500 | ||
|---|---|---|---|
| 001 | BRCA_3120 | ||
| 005 | 20190320204124.0 | ||
| 008 | 290109s1853----fr-a---###---#000-0#fre-u | ||
| 041 | _afre | ||
| 044 | _afr | ||
| 084 |
_a426 _b.H34 _c1853 |
||
| 100 | 1 |
_aCervantes Saavedra, Miguel de _d1547-1616 _9213 |
|
| 245 | 1 | 0 |
_aHistoire de L´Admirable Don Quichotte de la Manche _cpar Cervantes Saavedra. |
| 260 |
_aParís _bLibrairie Hachette _c1853 |
||
| 300 |
_a312 p. _bil. _c18 cm. |
||
| 440 | 0 |
_aBibliothéque des Chemins de Fer : Sixieme Série, Livres Illustrés pour les Enfants _98478 |
|
| 500 | _aContenido : Advertencia de los editores. Texto abreviado de la novela en conjunto, basada en varias traducciones francesas | ||
| 500 | _aTexto abreviado de la obra, arreglado para la juventud y basado en varias traducciones Lúdovik Osterc | ||
| 500 | _aQM355 | ||
| 546 | _aTexto en : francés | ||
| 650 | 1 | 4 |
_aNovela española _yÉpoca clásica, 1500-1700 _9215 |
| 650 | 1 | 4 |
_aLiteratura española _yÉpoca clásica, 1500-1700 _9216 |
| 650 | 1 | 4 |
_aNovela española _ySiglo XVII _9217 |
| 650 | 1 | 4 |
_aDon Quijote (Personaje ficticio) _eNovela _9218 |
| 740 | 0 | _aEl Ingenioso Hidalgo Don Quijote de la Mancha | |
| 902 | _aQFM | ||
| 942 |
_2lcc _cB |
||
| 999 |
_c2856 _d2856 |
||